Chansons de Gaultier Garguille / (Record no. 68502)

MARC details
000 -LEADER
campo de control de longitud fija 00610nam a22001815i 4500
001 - NÚMERO DE CONTROL
campo de control 68502
003 - IDENTIFICADOR DE NÚMERO DE CONTROL
campo de control ES-MaACL
007 - CAMPO FIJO DE DESCRIPCIÓN FÍSICA--INFORMACIÓN GENERAL
campo de control de longitud fija t|
008 - DATOS DE LONGITUD FIJA--INFORMACIÓN GENERAL
campo de control de longitud fija 960806s1858 fr ||||1| fre d
040 ## - FUENTE DE CATALOGACIÓN
Centro catalogador/agencia de origen CAM
Lengua de catalogación spa
Centro/agencia transcriptor CAM
100 1# - ENTRADA PRINCIPAL--NOMBRE DE PERSONA
Nombre de persona Garguille, Gaultier.
9 (RLIN) 55541
245 10 - MENCIÓN DEL TÍTULO
Título Chansons de Gaultier Garguille /
Mención de responsabilidad, etc. suivie des piéces relatives a ce farceur; avec introduction et notes par Edouard Fournier.
250 ## - MENCION DE EDICION
Mención de edición Nouvelle éd.
260 ## - PUBLICACIÓN, DISTRIBUCIÓN, ETC.
Lugar de publicación, distribución, etc. Paris :
Nombre del editor, distribuidor, etc. chez P. Jannet,
Fecha de publicación, distribución, etc. 1858 (
Fabricante imprimé par E. Thunot et Cie.)
300 ## - DESCRIPCIÓN FÍSICA
Extensión CXII, 256 p. ;
Dimensiones 17 cm.
700 1# - ENTRADA AGREGADA--NOMBRE PERSONAL
Nombre de persona Fournier, Edouard.
9 (RLIN) 51978
852 ## - LOCALIZACIÓN
Ubicación ES-MaACL
Número de control de estantería G-2291
Holdings
Estatus retirado Estado de pérdida Estado de daño No para préstamo Colección Biblioteca de origen Biblioteca actual Ubicación en estantería Fecha de adquisición Fuente de adquisición Total de préstamos Signatura topográfica completa Código de barras Visto por última vez Precio de reemplazo Tipo de ítem Koha
        Libros del s. XIX Biblioteca del Ateneo de Madrid Biblioteca del Ateneo de Madrid Depósito 2 17/01/2008     G-2291 1071710 23/02/2023 23/02/2023 Libro impreso antiguo